000
00257nam a22001217a 4500
003
SGT
082
_a
617
_b
G2000G
100
_a
GUPTA, ROSHAN LALL
245
_a
COLOR ATLAS OF SURGERY
260
_a
INDIA
_b
JAYPEE
_c
2000
300
_a
207
942
_2
ddc
_c
BK
999
_c
14836
_d
14836